000 00576cam a2200217 a 4500
001 1423532
005 20180214073602.0
008 840314s1984 caua b 001 0 eng
010 _a 84005754
020 _a0875896065
040 _aDLC
_cDLC
_dDLC
041 _aeng
080 _a658.40019 VRI
082 0 0 _a658.40019 VRI
_219
100 2 _a54
101 _aLID
245 1 4 _aThe neurotic organization /
_cManfred F.R. Kets de Vries, Danny Miller.
504 _aBibliography: p. 211-232.
906 _a7
_bcbc
_corignew
_d1
_eocip
_f19
_gy-gencatlg
942 _2ddc
_cBK
999 _c42507
_d42507